000 00615nam a2200229 4500
003 OSt
005 20260601193901.0
008 260508b1992 |||o|||| |||| 001 0 jpn d
020 _a4140800259
040 _aICI
_bspa
_cICI
050 _aN7113
_b.M36
100 _aMariscal, Javier
_eautor
_933972
245 _aMariscal 2:
_bTridimensional
264 _aNHK Publishing
_b1992
_cJapón
300 _a125 páginas
336 _2rdacontent
_atexto
337 _2rdamedia
_asin medio
338 _2rdacarrier
_avolumen
650 _aDiseño industrial
650 _aDiseñadores
_zEspaña
_933973
942 _2lcc
_n1
_cB
999 _c22258
_d22258